Los proyectos nacionales en el pensamiento político y social chileno del siglo XIX
Guardat en:
| Autors principals: | , , , , , , , |
|---|---|
| Altres autors: | , , , , |
| Format: | Llibre |
| Idioma: | espanyol |
| Publicat: |
Santiago
Ediciones UCSH
2005
|
| Col·lecció: | Monografías y Textos
|
| Matèries: | |
| Etiquetes: |
Afegir etiqueta
Sense etiquetes, Sigues el primer a etiquetar aquest registre!
|
MARC
| LEADER | 00000nam a2200000 a 4500 | ||
|---|---|---|---|
| 001 | UCI4163 | ||
| 003 | CL-VaPUC | ||
| 008 | 071228e20050000CL |||||||||||||||||spa|d | ||
| 020 | |a 9567947031 | ||
| 082 | 0 | 4 | |a 320.983 |b LOY |2 21 |
| 100 | |a Loyola T., Manuel |e autor |9 525874 | ||
| 700 | |a Grez Toso, Sergio Santiago |e autor |9 597802 | ||
| 700 | |a Gazmuri Riveros, Cristián |e autor |9 617185 | ||
| 700 | 0 | |a Bravo Lira, Bernardino |e author |9 525877 | |
| 700 | |a Corvalán Marquéz, Luis |e autor |9 525878 | ||
| 700 | 0 | |a Stuven Vattier, Ana María |e author |9 525879 | |
| 700 | |a Herrera González, Patricio |e author |9 599344 | ||
| 700 | 0 | |a Sagredo Baeza, Rafael |e author |9 525881 | |
| 700 | |a Illanes Oliva, María Angélica |e author |9 578151 | ||
| 700 | |a Massardo Blanco, Jaime |e autor |9 566111 | ||
| 700 | 0 | |a Peralta, Ariel |e author |9 525884 | |
| 700 | |a Salazar Vergara, Gabriel Segundo |e autor |9 621733 | ||
| 700 | |a Subercaseaux, Bernardo |e author |9 518560 | ||
| 245 | 1 | 4 | |a Los proyectos nacionales en el pensamiento político y social chileno del siglo XIX |
| 300 | |a 171 p | ||
| 942 | |c BK | ||
| 945 | |d 20071228 00:00:00 |a rbrito | ||
| 260 | |a Santiago |b Ediciones UCSH |c 2005 | ||
| 650 | 7 | |a POLITICA CHILENA |2 CL-VaPUC |9 435961 | |
| 650 | 7 | |a FILOSOFIA POLITICA |2 CL-VaPUC |9 525886 | |
| 650 | 0 | |a Liberalismo |9 255715 | |
| 650 | 7 | |a CONSERVADORES |2 CL-VaPUC |9 336864 | |
| 651 | 7 | |a CHILE |2 CL-VaPUC |9 525887 | |
| 583 | |a last modification |c 20071228 00:00:00 |k Rodrigo Vera | ||
| 490 | 0 | |a Monografías y Textos | |
| 999 | |c 328145 |d 328143 | ||
| 952 | |0 0 |1 0 |4 0 |6 320_983000000000000_LOY_2005 |7 0 |8 A |9 411925 |a BIBDER |b BIBDER |d 2019-11-22 |i 4398971 |l 4 |m 1 |o 320.983 LOY 2005 |p 4398971 |r 2023-01-25 |s 2022-05-09 |w 2019-11-22 |y BK |k DER | ||